النشرة السنوية لحوادث السيارات والقطارات عام 2018 = the annual bulletin of car & train accidents 2018/

تعتبر حوادث الطرق وما ينتج عنها من فقد للبشرية والموارد المادية التي تقدر بملايين الدولارات سنويا من أهم الظواهر التي تواجه دول العالم على جميع مستوياتها. لذا يصدر الجهاز المركزي للتعبئة العامة والإحصاء هذه النشرة السنوية لحوادث السيارات والقطارات وتتضمن بيانات عن إجمالي الحوادث السيارات والقطارات...

全面介绍

Saved in:
书目详细资料
主要作者: الجهاز المركزي للتعبئة العامة والإحصاء
格式: 序列
语言:阿拉伯语
出版: القاهرة : الجهاز المركزى للتعبئة العامة والإحصاء. 2019
主题:
标签: 添加标签
没有标签, 成为第一个标记此记录!

MARC

LEADER 00000nas a2200000 a 4500
003 INP
005 20201001132749.0
008 110706cuuuuuuuuua ar s o0 f0ara d
952 |0 0  |1 0  |4 0  |6 312_400000000000000_ن_ش_2018  |7 0  |9 19682  |a INP  |b INP  |c MAIN  |d 2019-07-17  |l 0  |o 312.4 ن ش 2018  |p 020689  |r 2022-03-28 00:00:00  |w 2019-07-17  |y PUB  |0 0 
999 |c 16197  |d 16197 
040 |a EG-INP  |c EG-INP  |b ara 
082 0 4 |a 312.4  |b ن ش 2018  |2 21 
100 |a الجهاز المركزي للتعبئة العامة والإحصاء 
245 0 2 |a النشرة السنوية لحوادث السيارات والقطارات عام 2018 =   |b the annual bulletin of car & train accidents 2018/  |c الجهاز المركزي للتعبئة العامة والإحصاء 
246 1 1 |a the annual bulletin of car & train accidents 2018. 
260 |a القاهرة :  |b الجهاز المركزى للتعبئة العامة والإحصاء.  |c 2019 
300 |a مج. :  |b ايض. ؛  |c 29 سم 
500 |a مرجع رقم 71 - 21121 - 2018. 
500 |a إصدار أبريل 2019. 
500 |a بني الوصف على 2018. 
520 |a تعتبر حوادث الطرق وما ينتج عنها من فقد للبشرية والموارد المادية التي تقدر بملايين الدولارات سنويا من أهم الظواهر التي تواجه دول العالم على جميع مستوياتها. لذا يصدر الجهاز المركزي للتعبئة العامة والإحصاء هذه النشرة السنوية لحوادث السيارات والقطارات وتتضمن بيانات عن إجمالي الحوادث السيارات والقطارات على مستوى الجمهورية والطرق السريعة، أسبابها ونتائجها. 
650 7 |2 qrmak  |a النقل  
650 7 |2 qrmak  |a السيارات  |x احصائيات 
650 7 |2 qrmak  |a القطارات 
650 7 |2 qrmak  |a الحوادث  |x إحصائيات 
650 7 |2 qrmak  |a حوادث المرور. 
710 2 |a الجهاز المركزي للتعبئة العامة والإحصاء. 
901 |a inp35 
902 |a egpv34 
903 |a original 
942 |c PUB  |2 ddc